Transition mechanisms in child development : the longitudinal perspective

Αποθηκεύτηκε σε:
Λεπτομέρειες βιβλιογραφικής εγγραφής
Άλλοι συγγραφείς: Ribaupierre, Anik de (Επιμελητής έκδοσης)
Μορφή: Βιβλίο
Γλώσσα:English
Δημοσίευση: Cambridge : Cambridge University Press, 1989
Θέματα:
Ετικέτες: Προσθήκη ετικέτας
Δεν υπάρχουν, Καταχωρήστε ετικέτα πρώτοι!

MARC

LEADER 00000nam a2200000 i 4500
001 1/78948
008 990503s1989 eng d
020 |a 0-521-37138-4 
035 |l 10050270 
040 |a GR-MY-UA  |b gre  |e aacr 
041 0 |a eng 
082 0 |a 155.4 
245 1 0 |a Transition mechanisms in child development :  |b the longitudinal perspective /  |c edited by Anik de Ribaupierre 
260 |a Cambridge :   |b Cambridge University Press,   |c 1989 
300 |a 340 p. 
650 0 0 |a Child development  |x Longitudinal studies  |x Congresses. 
700 1 |a Ribaupierre, Anik de.  |4 edt 
852 |a INST  |b RHODES  |e 19990503  |h 155.4 TRA  |p 005400011745  |q 005400011745  |t BK  |y 0 
901 |a BIBL-1999-1 
909 |a Ρ  |b 064764  |c 1999 
922 |a 4ΕΛΗ  |b 199903